00000000nam##2200000za#4500
0019.576636
003CaOODSP
00520210624185230
007cr |||||||||||
008150406|1986||||xxc|||||o    f|0| 0 eng|d
040 |aCaOODSP|beng
043 |an-cn---
0861 |aFs97-13/613E-PDF
1101 |aCanada. |bDepartment of Fisheries and Oceans.
24512|aA catalogue of selected waterbodies adjacent to the Northwest Territories Highway Systems, 1979-80 / |h[electronic resource]|cby M.M. Roberge and D.V. Gillman.
260 |aWinnipeg - Manitoba : |bFisheries and Oceans Canada |c1986.
300 |a48p.|bfigs., references, tables
4901 |aCanadian data report of fisheries and aquatic sciences|vNo. 613
500 |aOn t.p.: Central and Arctic Region, Winnipeg, Manitoba. Catalogue number of the print edition appears in the PDF version.
546 |a(Résumé en français)
590 |a13-18-Supp|b2013-08-01
7201 |aRoberge, M. M.
7201 |aGillman, D. V.
830#0|aCanadian data report of fisheries and aquatic sciences ;|vNo. 613|w(CaOODSP)9.505124
85640|ahttp://publications.gc.ca|qPDF|s667 KB|uhttps://publications.gc.ca/collections/collection_2013/mpo-dfo/Fs97-13-613-eng.pdf|yNo. 613